00586 2200217 4500001002100000005001700021008004100038020001800079035002400097090001700121100001500138245005400153250001100207260003100218300002500249500003000274650002200304850001200326990001500338990001500353YOGYA-0209000000132320090227020431.0 ind  a979-413-005-2 0010-020900000001323 a330.9bGel D aGilarso, T aDunia ekonomi kita :bharga dan pasarcT. Gilarso aCet. 8 aYogyakartabKanisiusc1989 a243 hlmbilusc21 cm aYang diterima : Jilid 2 a aEkonomi - Keadaan aYOPDYOG a95P0059372 a94P0047059